<?xml version="1.0" encoding="UTF-8"?>
<collection xmlns="http://www.loc.gov/MARC21/slim">
  <record>
    <leader>00000nam  2200000   4500</leader>
    <controlfield tag="001">INLIS000000000015790</controlfield>
    <controlfield tag="005">20230904030700</controlfield>
    <datafield tag="035" ind1="#" ind2="#">
      <subfield code="a">0010-0923000031</subfield>
    </datafield>
    <controlfield tag="007">ta</controlfield>
    <controlfield tag="008">230904################|##########|#|##</controlfield>
    <datafield tag="084" ind1="#" ind2="#">
      <subfield code="a">R 161 PIM II 2022</subfield>
    </datafield>
    <datafield tag="100" ind1=" " ind2="#">
      <subfield code="a">Yudi Noviandi</subfield>
    </datafield>
    <datafield tag="245" ind1="1" ind2="#">
      <subfield code="a">Strategi Peningkatan Pemenuhan Standard dan Mutu Melalui Kolaborasi Fasilitas UMK Dalam Sertifikasi dan Izin Edar Obat Tradisional, Kosmetika dan Pangan Olahan di Aceh /</subfield>
      <subfield code="c">Yudi Noviandi</subfield>
    </datafield>
    <datafield tag="250" ind1="#" ind2="#">
      <subfield code="a">1</subfield>
    </datafield>
    <datafield tag="260" ind1="#" ind2="#">
      <subfield code="a">Jakarta :</subfield>
      <subfield code="b">Pusbangkom Pimnas dan Manajerial ASN,</subfield>
      <subfield code="c">2022</subfield>
    </datafield>
    <datafield tag="300" ind1="#" ind2="#">
      <subfield code="a">64 halaman :</subfield>
      <subfield code="b">ilus ;</subfield>
      <subfield code="c">30 cm</subfield>
    </datafield>
    <datafield tag="650" ind1="#" ind2="4">
      <subfield code="a">BPOM</subfield>
    </datafield>
    <datafield tag="520" ind1="#" ind2="#">
      <subfield code="a">Thapan jangka pendek yang dilakukan meliputi 1) telah menyusun Pedoman Kolaborasi Fasilitasi UMK pada 5 kab/kota. ; 2) telah mengembangkan sistem informasi terpadu e-learning KORPORASI, tayang pada website http://aceh.pom.go.id.; 3) telah menetapkan data UMK potensial.; 4) telah melatih fasilitator pendamping 5) telah melatih pelaku usaha UMK tentang cara produksi yang baik. ; 6) telah melakukan sosialisasi pada masyarakat tentang izin edar.; 7) telah melakukan konsultasi/deskl denah pembangunan.; 8) telah terbit empat sertifikat izin penerapan CPPOB selama masa implementasi proyek perubahan.</subfield>
    </datafield>
    <datafield tag="856" ind1="#" ind2="#">
      <subfield code="a">Perpustakaan LAN Pusat</subfield>
    </datafield>
    <datafield tag="990" ind1="#" ind2="#">
      <subfield code="a">161</subfield>
    </datafield>
  </record>
</collection>
